000 01032nam a2200301 i 4500
003 DO-SdBNP
005 20231005114301.0
007 ta
008 110413s2015 gt ao 000 0 spa d
020 _a97884152179
040 _aDO-SdBNP
_bspa
_cBNPHU
_erda
082 _bM392c
_222
100 _aMarx, Karl
_eautor
_984390
110 _bSecretaría de Estado de Industria y Comercio
_936704
245 1 0 _aContra el expolio de nuestras vidas :
_buna defensa del derecho a la soberanía energética, a la vivienda y a los bienes comunes /
_cKarl Marx y Daniel Bensaid ; tradución de Juan Manuel Spinelli
264 _aMadrid :
_bErrata Naturae,
_c2015.
300 _a158 páginas ;
_c22 cm.
336 _2rdacontent
_atexto
_btxt
337 _2rdamedia
_asin mediación
_bn
338 _2rdacarrier
_avolumen
_bnc
590 _aInventariado, 2023/ DG
650 _921180
650 _95393
700 1 _aBensaid, Daniel
_eautor
_974398
700 1 _aSpinelli, Juan Manuel
_etraductor
_984392
910 _aDG
942 _2ddc
_cLBS1
999 _c55090
_d55090